I know why the caged bird sings (Record no. 79505)
[ view plain ]
| 000 -LEADER | |
|---|---|
| fixed length control field | 00960cab a22002055a 4500 |
| 001 - CONTROL NUMBER | |
| control field | L141480 |
| 008 - FIXED-LENGTH DATA ELEMENTS--GENERAL INFORMATION | |
| fixed length control field | 071127e20071102xxkd f 000 0 eng d |
| 035 ## - SYSTEM CONTROL NUMBER | |
| System control number | (Sirsi) u141480 |
| 041 0# - LANGUAGE CODE | |
| Language code of text/sound track or separate title | eng |
| 100 1# - MAIN ENTRY--PERSONAL NAME | |
| Personal name | Harding, Eleanor |
| 245 02 - TITLE STATEMENT | |
| Title | I know why the caged bird sings |
| 260 ## - PUBLICATION, DISTRIBUTION, ETC. | |
| Date of publication, distribution, etc. | 2007 |
| 490 #0 - SERIES STATEMENT | |
| Series statement | Building |
| Volume/sequential designation | 272(8504) 2 November 2007, 52-54(3) |
| 520 ## - SUMMARY, ETC. | |
| Summary, etc. | Examines the 2007 "Building"/Hays Executive salary guide. Reveals that construction companies are doing all they can to retain their top staff, including offering more money, bigger benefits and extending notice periods. Pensions and death-in-service payments are also on the rise, and the current environment is a good time to negotiate a better package. Contains tables of executive and managing director salaries and benefits. |
| 590 ## - LOCAL NOTE (RLIN) | |
| Local note | KA |
| 650 24 - SUBJECT ADDED ENTRY--TOPICAL TERM | |
| Topical term or geographic name entry element | BUILDING/HAYS EXECUTIVE SALARY GUIDE |
| 651 #4 - SUBJECT ADDED ENTRY--GEOGRAPHIC NAME | |
| Geographic name | United Kingdom |
| Chronological subdivision | |
| 690 ## - LOCAL SUBJECT ADDED ENTRY--TOPICAL TERM (OCLC, RLIN) | |
| Topical term or geographic name as entry element | MANAGEMENT-BUSINESS MANAGEMENT |
| 942 ## - ADDED ENTRY ELEMENTS (KOHA) | |
| Suppress in OPAC | 0 |
| Withdrawn status | Lost status | Source of classification or shelving scheme | Damaged status | Not for loan | Home library | Current library | Shelving location | Date acquired | Total Checkouts | Full call number | Barcode | Date last seen | Copy number | Price effective from | Koha item type |
|---|---|---|---|---|---|---|---|---|---|---|---|---|---|---|---|
| Dewey Decimal Classification | London | London | Journal article | 27/11/2007 | L141480 | 141480-1001 | 06/08/2019 | 1 | 06/08/2019 | Journal article |